00699nam a22002177a 450000100040000000500170000400800410002102000180006204000320008008200080011210000260012024500400014625000340018626000380022030000420025850500080030052001120030852100190042052100200043965000220045978920230707152329.0230707b cb ||||| |||| 00| 0 eng d a9780545137249 aFISKH bengcFISKH dFISKH  a550 aMartin, Justin McCory aTornadoes /cMartin, Justin McCory  aFirst printing, November 2009 aNew York : bScholastic, c2009.  a16 pages : billustrations, c23 cm.  aJ  aTornadoes twist, turn, and tear through the air! This book is packed with facts about these whirling storms a480 bLexile  aJ bRaz-Plus  aWeather vNature